Rubber and the automotive industry in the UK and the North America. 1976 (Record no. 24846)

MARC details
000 -LEADER
fixed length control field 00327nam a2200109Ia 4500
082 ## - DEWEY DECIMAL CLASSIFICATION NUMBER
Classification number NR:62:629(410+73)
Item number RUB
245 #0 - TITLE STATEMENT
Title Rubber and the automotive industry in the UK and the North America. 1976
260 ## - PUBLICATION, DISTRIBUTION, ETC. (IMPRINT)
Place of publication London
Name of publisher EIU
Year of publication 1976
490 ## - SERIES STATEMENT
Series statement EIU Special Report 26
942 ## - ADDED ENTRY ELEMENTS (KOHA)
Koha item type Books
Holdings
Withdrawn status Lost status Damaged status Not for loan Home library Current library Date acquired Full call number Accession Number Koha item type
        RRII Library RRII Library 16/12/2021 NR:62:629(410+73) RUB 05516 Books